Selected papers from symposium on housing finance (Record no. 498847)

000 -LEADER
fixed length control field 00459cam a22001097a 4500
008 - FIXED-LENGTH DATA ELEMENTS--GENERAL INFORMATION
fixed length control field 180718b xxu||||| |||| 00| 0 eng d
082 ## - DEWEY DECIMAL CLASSIFICATION NUMBER
Classification number XA04 In2
245 ## - TITLE STATEMENT
Title Selected papers from symposium on housing finance
Statement of responsibility, etc. by National Buildings Organization & U.N. Regional Housing Centre
260 ## - PUBLICATION, DISTRIBUTION, ETC.
Place of publication, distribution, etc. Delhi
Name of publisher, distributor, etc. National Buildings Organization & U.N. Regional Housing Centre
Date of publication, distribution, etc.
300 ## - PHYSICAL DESCRIPTION
Extent 180+p.
700 ## - ADDED ENTRY--PERSONAL NAME
Personal name India.National Buildings Organization & U.N. Regional Housing Centre
Holdings
Withdrawn status Lost status Damaged status Not for loan Permanent Location Current Location Date acquired Full call number Barcode Date last seen Price effective from Koha item type
        Indian Institute of Public Administration Indian Institute of Public Administration 2018-08-04 XA04 In2 G7690 2018-08-04 2018-08-04 G

Powered by Koha